000 00290nam a22001337a 4500
008 181001b xxu||||| |||| 00| 0 eng d
020 _a9780874347272
041 _aeng
080 _a610.73
100 _a2
101 _aINF
245 _aNurse's problem solver
_cLoeb,S
942 _2udc
_cBK
999 _c48738
_d48738